• 首页
  • 本馆介绍
  • 公告通知
  • 最新文献
  • 馆藏检索
  • 电子资源
  • 读者导购
  • 参考咨询
  • 我的图书馆
  • 登录
  • 详细信息显示
  • 放入我的书架
  • 预约/预借图书
  • 作者相关作品
  • 分类相关作品
  • 丛书相关作品
  • 出版社相关作品

书目信息

  • 表格格式
  • 工作单格式
  • 卡片格式
题名:
自动化生产线的设计、运行与维护技术
    
 
作者: 程向娇 , 黄金梭 主编
分册:  
出版信息: 大连   大连理工大学出版社  2016
页数: 189页
开本: 26cm
丛书名:
单 册:
中图分类: TP278
科图分类:
主题词: 自动生产线--高等职业教育--教材
电子资源:
ISBN: 978-7-5685-0285-6
000 00990nam0 2200253 450
001 0103807940
005 20160628104534.0
010    @a978-7-5685-0285-6@dCNY31.80
100    @a20160413d2016 em y0chiy0120 ea
101 0  @achi
102    @aCN@b210000
105    @aa z 000yy
106    @ar
200 1  @a自动化生产线的设计、运行与维护技术@9Zi Dong Hua Sheng Chan Xian De;Di She Ji 、 Yun Xing;Hang;Heng Yu Wei Hu Ji Shu;Zhu @f程向娇,黄金梭主编@b专著
210    @a大连@c大连理工大学出版社@d2016
215    @a189页@c图@d26cm
300    @a实践导向型高职教育系列教材/丁金昌,谢志远总主编
330    @a本书按照各工作单元单站工作和系统整体工作分九章,介绍了亚龙YL-335B型自动化生产线的供料、加工、装配、分拣和输送单元相关知识和技能点。
606 0  @a自动生产线@x高等职业教育@j教材
690    @aTP278@v5
701  0 @a程向娇@c(女,@f1974~)@4主编@9cheng xiang jiao
701  0 @a黄金梭@f(1985~)@4主编@9huang jin suo
801  0 @aCN@bAZmarc@c20230903
905    @aBZT@dTP278@e4@f5@sTP278/4
    
    自动化生产线的设计、运行与维护技术/程向娇,黄金梭主编.-大连:大连理工大学出版社,2016
    189页:图;26cm
    实践导向型高职教育系列教材/丁金昌,谢志远总主编
    
    ISBN 978-7-5685-0285-6:CNY31.80
    本书按照各工作单元单站工作和系统整体工作分九章,介绍了亚龙YL-335B型自动化生产线的供料、加工、装配、分拣和输送单元相关知识和技能点。
●
相关链接 在五车中查询图书 在当当中查询图书 在豆瓣中查询图书


正题名:自动化生产线的设计、运行与维护技术     索取号:TP278/4         预约/预借

序号 登录号 条形码 馆藏地/架位号 状态 备注
1 2000011192   2000011192   旧书回溯/ [索取号:TP278/4] 在馆    
2 2000011193   2000011193   旧书回溯/ [索取号:TP278/4] 在馆    
3 2000011194   2000011194   旧书回溯/ [索取号:TP278/4] 在馆    
4 2000011195   2000011195   旧书回溯/ [索取号:TP278/4] 在馆    
5 2000011196   2000011196   旧书回溯/ [索取号:TP278/4] 在馆    
山东省滨州职业学院图书馆 欢迎您!
大连网信软件有限公司© 版权所有